BIBLIOTECA

SENCICO

Frank LLoyd Wright (Registro nro. 2601)

Detalles MARC
000 -LEADER
fixed length control field 00573nam a2200241Ia 4500
005 - DATE AND TIME OF LATEST TRANSACTION
control field 20251020182547.0
008 - FIXED-LENGTH DATA ELEMENTS--GENERAL INFORMATION
fixed length control field 200515s9999 xx 000 0 und d
020 ## - INTERNATIONAL STANDARD BOOK NUMBER
International Standard Book Number 978-3-8365-6047-4
082 ## - DEWEY DECIMAL CLASSIFICATION NUMBER
Classification number 747:749.7/B84/2014
110 ## - MAIN ENTRY--CORPORATE NAME
Corporate name or jurisdiction name as entry element Brooks Pfeiffer, Bruce
245 #0 - TITLE STATEMENT
Title Frank LLoyd Wright
260 ## - PUBLICATION, DISTRIBUTION, ETC.
Place of publication, distribution, etc. Arizona
260 ## - PUBLICATION, DISTRIBUTION, ETC.
Name of publisher, distributor, etc. Taschen
260 ## - PUBLICATION, DISTRIBUTION, ETC.
Date of publication, distribution, etc. 2014
300 ## - PHYSICAL DESCRIPTION
Extent 96 p.
300 ## - PHYSICAL DESCRIPTION
Other physical details il.
520 ## - SUMMARY, ETC.
Summary, etc. Obra del arquitrecto Frank Lloyd Wright
650 ## - SUBJECT ADDED ENTRY--TOPICAL TERM
Topical term or geographic name entry element ARQUITECTOS
650 ## - SUBJECT ADDED ENTRY--TOPICAL TERM
Topical term or geographic name entry element CASA DE LA CASCADA
650 ## - SUBJECT ADDED ENTRY--TOPICAL TERM
Topical term or geographic name entry element WRIGHT
942 ## - ADDED ENTRY ELEMENTS (KOHA)
Koha item type Libros
Existencias
Fecha de la última vez que lo usaron Pago total Signatura topográfica completa Código de barras Precio efectivo desde Tipo de documento Estado perdido Estado dañado No es para préstamo Retirado Ubicación permanente Ubicación actual Fecha de adquisición
15/05/2020   747:749.7/B84/2014 Bib-Lima15052601 15/05/2020 Libros         Biblioteca Central Lima Biblioteca Central Lima 15/05/2020